[Event "Macieja Memorial"]
[Site "Warsaw POL"]
[Date "2024.07.08"]
[Round "3.36"]
[White "Szlod, Wiktor"]
[Black "Maltsevskaya, Aleksandra"]
[Result "0-1"]
[WhiteElo "1783"]
[BlackElo "2288"]
[EventDate "2024.07.08"]
[PlyCount "76"]

1.e4 c5 2.Nc3 e6 3.f4 d5 4.d3 Nc6 5.Nf3 Nf6 6.e5 Nd7 7.g3 b6 8.Bg2 a5 9.O-O Ba6 
10.Re1 Be7 11.d4 cxd4 12.Ne2 d3 13.cxd3 Nc5 14.d4 Nd3 15.Rf1 O-O 16.Ne1 Nxc1 
17.Rxc1 Bxe2 18.Qxe2 Nxd4 19.Qd3 Rc8 20.Nf3 Nxf3+ 21.Bxf3 Qd7 22.f5 exf5 
23.Bxd5 Rcd8 24.Rcd1 g6 25.Rfe1 Kg7 26.Kh1 Bb4 27.Re2 Qe7 28.a3 Bc5 29.Qc3 Kg8 
30.Qc4 Rc8 31.Qd3 Rfd8 32.Qb3 Kg7 33.e6 fxe6 34.Rxe6 Qg5 35.Qc3+ Kh6 36.h4 Qg4 
37.Kg2 Qxd1 38.Re1 Qxd5+ 0-1

[Event "Macieja Memorial"]
[Site "Warsaw POL"]
[Date "2024.07.08"]
[Round "3.37"]
[White "Rekuc, Patryk"]
[Black "Serafin, Franciszek"]
[Result "1-0"]
[WhiteElo "2131"]
[BlackElo "1784"]
[EventDate "2024.07.08"]
[PlyCount "77"]

1.d4 Nf6 2.c4 e6 3.Nf3 Bb4+ 4.Nbd2 d6 5.e3 Nbd7 6.Bd3 b6 7.O-O Bb7 8.Nb1 d5 
9.b3 O-O 10.Bb2 Be7 11.Nbd2 Rc8 12.Qe2 h6 13.Rac1 c5 14.Rfd1 Re8 15.h3 Qc7 
16.cxd5 exd5 17.Bb5 Qd6 18.Ne5 Bf8 19.Ndf3 Red8 20.Nh4 Qe6 21.Nhf3 Nxe5 22.Nxe5 
Bd6 23.Nf3 Ne4 24.dxc5 Bxc5 25.Nd4 Bxd4 26.Bxd4 f6 27.Qh5 Rxc1 28.Rxc1 Rc8 
29.Qd1 Bc6 30.Ba6 Rd8 31.Qc2 Rd6 32.Bd3 f5 33.Be2 Kf7 34.b4 Bd7 35.Qc7 Rc6 
36.Rxc6 Qxc6 37.Qxa7 Qc1+ 38.Kh2 Nxf2 39.Qxd7+ 1-0

[Event "Macieja Memorial"]
[Site "Warsaw POL"]
[Date "2024.07.08"]
[Round "3.38"]
[White "Goraj, Barbara"]
[Black "Sprzeczka, Emilia"]
[Result "1-0"]
[WhiteElo "2095"]
[BlackElo "1782"]
[EventDate "2024.07.08"]
[PlyCount "107"]

1.Nf3 Nf6 2.c4 g6 3.Nc3 Bg7 4.e4 e5 5.d4 exd4 6.Nxd4 O-O 7.g3 Re8 8.Bg2 Nxe4 
9.Nxe4 f5 10.O-O fxe4 11.Re1 Qf6 12.Nb5 Na6 13.Bxe4 c6 14.Nd6 Rf8 15.Re2 Nc5 
16.Bg2 Ne6 17.Be3 b6 18.Rc1 Ba6 19.b3 Rad8 20.Rd2 Qe7 21.Qc2 Ng5 22.Rcd1 Nf3+ 
23.Bxf3 Rxf3 24.Qd3 Be5 25.Qe4 Rdf8 26.Bh6 R8f6 27.Bg5 Bxd6 28.Qxe7 Bxe7 
29.Bxf6 Bxf6 30.Rxd7 Bc8 31.Rxa7 Bg4 32.Re1 Bg7 33.Kg2 Rf5 34.h3 Bf3+ 35.Kg1 
Bf8 36.a4 c5 37.Ra6 Rf6 38.a5 Bb7 39.Rxb6 Rf7 40.a6 Ba8 41.Rb8 Bc6 42.Re6 Bd7 
43.Re1 Bc6 44.f4 h5 45.Kf2 Kg7 46.Ra1 Ra7 47.Rc8 Bd7 48.Rd8 Be7 49.Rb8 Bc6 
50.Ke3 Bf6 51.Ra2 Bd4+ 52.Kd3 Bf6 53.Rb6 Bd7 54.Rb7 1-0

[Event "Macieja Memorial"]
[Site "Warsaw POL"]
[Date "2024.07.08"]
[Round "3.39"]
[White "Fiszer, Bartosz"]
[Black "Ishvi, Aggarwal"]
[Result "1/2-1/2"]
[WhiteElo "2080"]
[BlackElo "1775"]
[EventDate "2024.07.08"]
[PlyCount "97"]

1.Nf3 Nf6 2.g3 d5 3.c4 e6 4.Qc2 dxc4 5.Bg2 Nbd7 6.Qxc4 a6 7.Qc2 c5 8.O-O Nd5 
9.Nc3 Be7 10.Nxd5 exd5 11.d4 O-O 12.dxc5 Nxc5 13.Be3 b6 14.Rfd1 Bb7 15.Rac1 Rc8 
16.b4 Ne6 17.Qb3 Rxc1 18.Rxc1 d4 19.Bd2 Bd5 20.Qd3 Bf6 21.Qxa6 Qa8 22.b5 d3 
23.Qxa8 Rxa8 24.exd3 h6 25.Be3 Rxa2 26.Nd2 Bxg2 27.Kxg2 Rb2 28.Rb1 Rxb1 29.Nxb1 
Bd4 30.Na3 f6 31.Nc4 Kf7 32.Nxb6 Bxe3 33.fxe3 Nc7 34.Kf3 Nxb5 35.Nc4 Ke6 36.Nd2 
g5 37.Kg4 Kf7 38.Nf3 Kg6 39.Nd4 h5+ 40.Kf3 Nd6 41.e4 Nf7 42.Ne2 Ne5+ 43.Ke3 
Ng4+ 44.Kd4 Nxh2 45.Ke3 Ng4+ 46.Kf3 Ne5+ 47.Ke3 Ng4+ 48.Kf3 Ne5+ 49.Ke3 1/2-1/2

[Event "Macieja Memorial"]
[Site "Warsaw POL"]
[Date "2024.07.08"]
[Round "3.40"]
[White "Sliwicki, Damian"]
[Black "Obukhava, Anastasiya"]
[Result "1-0"]
[WhiteElo "2058"]
[BlackElo "1770"]
[EventDate "2024.07.08"]
[PlyCount "71"]

1.e4 c5 2.Nc3 d6 3.d4 cxd4 4.Qxd4 Nc6 5.Qd2 Nf6 6.b3 e6 7.Bb2 d5 8.exd5 exd5 
9.O-O-O Be6 10.Nf3 Qa5 11.Nd4 Nxd4 12.Qxd4 Bc5 13.Bb5+ Qxb5 14.Nxb5 Bxd4 
15.Bxd4 O-O 16.Rhe1 Rfc8 17.Bxf6 gxf6 18.Nd4 Re8 19.Re3 Bg4 20.Rg3 f5 21.Nxf5 
Re2 22.Rxg4+ Kf8 23.Rxd5 Rc8 24.Nd4 Rxf2 25.Rf5 Rcxc2+ 26.Nxc2 Rxf5 27.h3 Ke7 
28.a4 Rf2 29.Ne3 Ke6 30.Re4+ Kd6 31.b4 a6 32.a5 f5 33.Rc4 Re2 34.Nxf5+ Kd5 
35.Rc5+ Ke6 36.Nd4+ 1-0

[Event "Macieja Memorial"]
[Site "Warsaw POL"]
[Date "2024.07.08"]
[Round "3.41"]
[White "Maack, Kjartan"]
[Black "Wasiluk, Mateusz"]
[Result "0-1"]
[WhiteElo "2030"]
[BlackElo "1767"]
[EventDate "2024.07.08"]
[PlyCount "100"]

1.c4 Nf6 2.Nc3 g6 3.g3 Bg7 4.Bg2 d6 5.e4 O-O 6.Nge2 c5 7.d3 Nc6 8.O-O Ne8 9.Be3 
Nc7 10.d4 cxd4 11.Nxd4 e5 12.Nxc6 bxc6 13.Qd2 Be6 14.b3 f5 15.Rad1 f4 16.gxf4 
exf4 17.Bxf4 Bxc3 18.Qxd6 Qxd6 19.Bxd6 Rfc8 20.e5 Ne8 21.Rd3 Ba5 22.Rfd1 a6 
23.c5 Ra7 24.a3 Rf7 25.b4 Bc7 26.h3 Bxd6 27.exd6 Bd7 28.Re3 Kf8 29.Rde1 Nf6 
30.Bf1 Nd5 31.Re5 Ra8 32.Bg2 Kg7 33.Bf1 Raf8 34.R5e2 Nf4 35.Re7 Bc8 36.Kh2 Nd5 
37.Kg1 Nxe7 38.dxe7 Re8 39.Bc4 Rfxe7 40.Rd1 Rd7 41.Rc1 Rd2 42.Rc3 Re1+ 43.Kg2 
Rb1 44.Rf3 Rd4 45.Bf1 Rdd1 46.Be2 Rg1+ 47.Kh2 Rh1+ 48.Kg3 Rxh3+ 49.Kf4 Rxf3+ 
50.Bxf3 Bb7 0-1

[Event "Macieja Memorial"]
[Site "Warsaw POL"]
[Date "2024.07.08"]
[Round "3.42"]
[White "Haladaj, Adam"]
[Black "Jedrusik, Adam"]
[Result "0-1"]
[WhiteElo "1773"]
[BlackElo "1998"]
[EventDate "2024.07.08"]
[PlyCount "47"]

1.Nf3 d5 2.g3 Bg4 3.Bg2 Nd7 4.O-O Ngf6 5.d4 e6 6.c4 c6 7.Nc3 Bd6 8.Qc2 Bf5 
9.Qb3 Qb6 10.c5 Qxb3 11.axb3 Bc7 12.b4 O-O 13.b5 e5 14.bxc6 bxc6 15.e3 Rfe8 
16.Ra6 Bd3 17.Rxc6 Bxf1 18.Bxf1 Rac8 19.Ba6 Nb8 20.Rxf6 gxf6 21.Bxc8 Rxc8 22.b4 
Rd8 23.Ba3 a6 24.Kg2 0-1

[Event "Macieja Memorial"]
[Site "Warsaw POL"]
[Date "2024.07.08"]
[Round "3.43"]
[White "Wiech, Grzegorz"]
[Black "Wiatrowski, Blazej"]
[Result "1-0"]
[WhiteElo "1997"]
[BlackElo "1750"]
[EventDate "2024.07.08"]
[PlyCount "71"]

1.e4 g6 2.d4 Bg7 3.f4 d6 4.Nc3 Nd7 5.Nf3 Ngf6 6.e5 dxe5 7.dxe5 Ng8 8.Ne4 e6 
9.Be3 Ne7 10.Qd2 O-O 11.O-O-O Nd5 12.Bf2 Qe7 13.g3 b6 14.Bg2 Bb7 15.Rhe1 Rfd8 
16.a3 c5 17.Nd6 Ba6 18.Ng5 Rf8 19.Bxd5 exd5 20.Qxd5 h6 21.Ngxf7 Kh7 22.h4 b5 
23.Ng5+ Kh8 24.Ndf7+ Rxf7 25.Nxf7+ Kh7 26.Qxa8 Qxf7 27.Qxa7 Bc8 28.e6 Qf6 29.c3 
b4 30.axb4 cxb4 31.Bd4 Qe7 32.exd7 Qxd7 33.Qxd7 Bxd7 34.Re7 bxc3 35.Rxg7+ Kh8 
36.Rxd7+ 1-0

[Event "Macieja Memorial"]
[Site "Warsaw POL"]
[Date "2024.07.08"]
[Round "3.44"]
[White "Patil, Harshal"]
[Black "Krogulski, Maksymilian"]
[Result "1-0"]
[WhiteElo "1995"]
[BlackElo "1746"]
[EventDate "2024.07.08"]
[PlyCount "95"]

1.e4 c5 2.c3 e6 3.Nf3 Nc6 4.d4 cxd4 5.cxd4 Nf6 6.Nc3 Bb4 7.Bd3 d5 8.e5 Nd7 
9.O-O O-O 10.Bxh7+ Kxh7 11.Ng5+ Kg6 12.Qg4 f5 13.Qg3 Qxg5 14.Qxg5+ Kf7 15.Qf4 
Rg8 16.h4 Nf8 17.Be3 Rh8 18.g3 b6 19.Rac1 Ba6 20.Rfd1 Na5 21.a3 Be7 22.Qf3 Nc4 
23.b3 Nxa3 24.Bg5 Nb5 25.Nxb5 Bxb5 26.Rc7 Bd7 27.Bxe7 Kxe7 28.Rdc1 g5 29.hxg5 
Ng6 30.Qd3 a6 31.Qc3 Kd8 32.Qb4 Rh7 33.Qxb6 Ke8 34.Qd6 Rd8 35.Qxa6 f4 36.R1c6 
Re7 37.Rxd7 Kxd7 38.Rd6+ Ke8 39.Qc6+ Rdd7 40.Rxd7 Rxd7 41.Qxe6+ Ne7 42.g6 Rc7 
43.gxf4 Rc3 44.f5 Rf3 45.f6 Kd8 46.Qxe7+ Kc8 47.g7 Kb8 48.g8=R# 1-0

[Event "Macieja Memorial"]
[Site "Warsaw POL"]
[Date "2024.07.08"]
[Round "3.45"]
[White "Komisarski, Jerzy"]
[Black "Zurkowski, Andrzej"]
[Result "0-1"]
[WhiteElo "1770"]
[BlackElo "1993"]
[EventDate "2024.07.08"]
[PlyCount "63"]

1.d4 c5 2.e3 Nf6 3.Bd3 cxd4 4.exd4 g6 5.c3 Bg7 6.Bf4 d6 7.Qd2 Nc6 8.Bh6 Bxh6 
9.Qxh6 e5 10.Ne2 Be6 11.O-O Qe7 12.Nd2 O-O-O 13.b4 Ng4 14.Qh3 Nxf2 15.Qf3 Nxd3 
16.Qxd3 Bf5 17.Qc4 exd4 18.Nxd4 Qe3+ 19.Rf2 Bd3 20.Qxf7 Nxd4 21.cxd4 Rhf8 
22.Rc1+ Kb8 23.Qc7+ Ka8 24.Nf3 a6 25.Re1 Qf4 26.Re7 Be4 27.Re2 Bd5 28.Rxh7 Rc8 
29.Qb6 Rc1+ 30.Kf2 Bxf3 31.Ree7 Bc6+ 32.Ke2 0-1

[Event "Macieja Memorial"]
[Site "Warsaw POL"]
[Date "2024.07.08"]
[Round "3.46"]
[White "Klim, Filip"]
[Black "Ingielewicz, Konrad"]
[Result "1-0"]
[WhiteElo "1993"]
[BlackElo "1745"]
[EventDate "2024.07.08"]
[PlyCount "93"]

1.e4 e5 2.Nf3 Nf6 3.Nxe5 d6 4.Nf3 Nxe4 5.c4 Be7 6.d3 Nf6 7.Nc3 O-O 8.Be2 Nc6 
9.d4 Bf5 10.d5 Nb4 11.Nd4 Bg6 12.a3 Na6 13.b4 Re8 14.O-O h6 15.Be3 Nb8 16.Qd2 
Nbd7 17.f4 Bh7 18.Rae1 Bf8 19.Bd3 Bxd3 20.Qxd3 Ng4 21.Bd2 Qh4 22.h3 Ngf6 23.Nf5 
Qh5 24.Ng3 Qg6 25.f5 Qh7 26.Bf4 Ne5 27.Bxe5 dxe5 28.Nce4 Nxe4 29.Nxe4 Rad8 
30.c5 b6 31.Qc4 h5 32.Ng5 Qh6 33.h4 Qf6 34.Re4 bxc5 35.bxc5 Qh6 36.g3 Be7 
37.Nf3 Qf6 38.Nxe5 Bf8 39.Nc6 Rxe4 40.Qxe4 Rc8 41.Qc4 Ra8 42.Kh2 Qb2+ 43.Kh3 
Qxa3 44.f6 g6 45.Ne7+ Kh7 46.d6 cxd6 47.Qxf7+ 1-0

[Event "Macieja Memorial"]
[Site "Warsaw POL"]
[Date "2024.07.08"]
[Round "3.48"]
[White "Goslawski, Michal"]
[Black "Mocny, Stanislaw"]
[Result "1-0"]
[WhiteElo "1987"]
[BlackElo "1738"]
[EventDate "2024.07.08"]
[PlyCount "87"]

1.Nf3 d5 2.g3 Nf6 3.Bg2 g6 4.c4 c6 5.O-O Bg7 6.d4 O-O 7.Qb3 Qb6 8.Nc3 Rd8 9.Na4 
Qxb3 10.axb3 Bf5 11.c5 Na6 12.Bd2 Ne4 13.Bc3 Nxc3 14.bxc3 Nc7 15.Rfc1 Nb5 16.e3 
f6 17.c4 Nc7 18.Nd2 Bd3 19.b4 e5 20.Ra3 Bxc4 21.Nxc4 dxc4 22.Rxc4 exd4 23.Rxd4 
Rxd4 24.exd4 Nb5 25.Rd3 Rd8 26.d5 cxd5 27.Rxd5 Rxd5 28.Bxd5+ Kf8 29.Bxb7 Ke7 
30.Bd5 Bf8 31.Kf1 Kd7 32.Ke2 a5 33.bxa5 Kc7 34.Kd3 Na7 35.Kc4 Be7 36.f4 f5 
37.Bg8 h6 38.Bh7 g5 39.fxg5 Bxg5 40.Bxf5 Nc6 41.a6 Be3 42.Be4 Na5+ 43.Kb5 Nb3 
44.a7 1-0

[Event "Macieja Memorial"]
[Site "Warsaw POL"]
[Date "2024.07.08"]
[Round "3.49"]
[White "Malowidzki, Maciej"]
[Black "Kazmierowski, Tymon"]
[Result "1-0"]
[WhiteElo "1749"]
[BlackElo "1982"]
[EventDate "2024.07.08"]
[PlyCount "87"]

1.d4 Nf6 2.c4 e6 3.Nf3 b6 4.g3 Ba6 5.b3 Bb4+ 6.Bd2 c5 7.Bg2 Bb7 8.O-O O-O 
9.dxc5 Bxc5 10.Nc3 d5 11.cxd5 Nxd5 12.Nxd5 Bxd5 13.Qc2 Nd7 14.Rfd1 Rc8 15.Qb2 
Qe7 16.b4 Bd6 17.Bc3 f6 18.Rac1 Rfd8 19.a3 a5 20.Nd4 Bxg2 21.Kxg2 axb4 22.Bxb4 
Bxb4 23.axb4 Ne5 24.Rxc8 Rxc8 25.Qb3 Kf7 26.Nf5 Qb7+ 27.Kg1 Nc4 28.Qxc4 Rxc4 
29.Nd6+ Ke7 30.Nxb7 Rxb4 31.Nd6 Rb2 32.Nc8+ Ke8 33.Nd6+ Ke7 34.Nc4 Rxe2 35.Nxb6 
f5 36.Nc4 Kf6 37.f4 g5 38.Ne5 gxf4 39.gxf4 Ra2 40.Rd7 Ra1+ 41.Kg2 Ra2+ 42.Kg3 
Ra3+ 43.Kh4 h5 44.Rf7# 1-0

[Event "Macieja Memorial"]
[Site "Warsaw POL"]
[Date "2024.07.08"]
[Round "3.50"]
[White "Swara, Lakshmi S Nair"]
[Black "Smetek, Michal"]
[Result "0-1"]
[WhiteElo "1746"]
[BlackElo "1979"]
[EventDate "2024.07.08"]
[PlyCount "114"]

1.e4 c6 2.d4 d5 3.Nc3 dxe4 4.Nxe4 Nf6 5.Nxf6+ exf6 6.c3 Bd6 7.Bd3 O-O 8.Qc2 
Re8+ 9.Ne2 h5 10.O-O h4 11.h3 Nd7 12.Bd2 Nf8 13.Rae1 Qc7 14.f4 g6 15.f5 g5 
16.c4 c5 17.d5 Nd7 18.Bc3 Ne5 19.Qd1 Bd7 20.b3 a6 21.Bc2 b5 22.Nc1 Kg7 23.Bd2 
bxc4 24.Re2 cxb3 25.axb3 c4 26.Ree1 Rab8 27.Bxg5 cxb3 28.Be4 b2 29.Na2 Rh8 
30.Bxf6+ Kxf6 31.Qe2 Qc5+ 32.Kh1 Bb5 33.Qf2 Qxf2 34.Rxf2 Ba4 35.Nc3 Bd7 36.Bb1 
a5 37.Ne4+ Ke7 38.f6+ Kf8 39.Nxd6 Rh5 40.Nf5 Nc4 41.Ng7 Rxd5 42.Rf4 Nd2 43.Rxh4 
Kg8 44.Bh7+ Kf8 45.Be4 Kg8 46.Bxd5 b1=Q 47.Rxb1 Rxb1+ 48.Kh2 Nf1+ 49.Kg1 Ne3+ 
50.Kf2 Nxd5 51.Rd4 Rb2+ 52.Kf3 Be6 53.h4 Rb4 54.Rd1 a4 55.Rc1 Kh7 56.h5 Rb3+ 
57.Ke4 Nxf6+ 0-1

[Event "Macieja Memorial"]
[Site "Warsaw POL"]
[Date "2024.07.08"]
[Round "3.51"]
[White "Smietanska, Wiktoria"]
[Black "Czech, Franciszek"]
[Result "0-1"]
[WhiteElo "1975"]
[BlackElo "1730"]
[EventDate "2024.07.08"]
[PlyCount "52"]

1.c4 c5 2.Nf3 Nc6 3.Nc3 d6 4.d4 cxd4 5.Nxd4 Nf6 6.e4 Qb6 7.Nc2 g6 8.Be2 Bg7 
9.O-O O-O 10.Rb1 Rd8 11.Bg5 Ne5 12.Bxf6 exf6 13.Nd5 Qa5 14.Nce3 Qxa2 15.b4 Be6 
16.f4 Nc6 17.f5 Bxd5 18.Nxd5 Ne5 19.fxg6 fxg6 20.Nxf6+ Kh8 21.Nd5 Nxc4 22.Rf7 
Nb2 23.Qc2 Rac8 24.Qd2 Qxb1+ 25.Bf1 Qxe4 26.Qe1 Qxe1 0-1

[Event "Macieja Memorial"]
[Site "Warsaw POL"]
[Date "2024.07.08"]
[Round "3.52"]
[White "Pesko, Tomasz"]
[Black "Gozdzikowski, Franciszek"]
[Result "0-1"]
[WhiteElo "1937"]
[BlackElo "1726"]
[EventDate "2024.07.08"]
[PlyCount "64"]

1.e4 e5 2.Nf3 Nc6 3.Bc4 Bc5 4.O-O Nf6 5.d3 d6 6.h3 h6 7.c3 a6 8.b4 Ba7 9.a4 O-O 
10.Qb3 Bd7 11.Be3 Qe7 12.Nbd2 Be6 13.b5 Na5 14.Qb4 Nxc4 15.Nxc4 a5 16.Nxa5 Bc5 
17.Bxc5 dxc5 18.Qb2 Rxa5 19.c4 Rfa8 20.Qc2 Nh5 21.Nxe5 Bxh3 22.Nf3 Bg4 23.Nh2 
Be6 24.f4 f5 25.e5 g5 26.fxg5 hxg5 27.Rf3 f4 28.Rf2 Ng3 29.Qb3 Bf5 30.Nf3 g4 
31.Nh4 Qxe5 32.Nxf5 Qxa1+ 0-1

[Event "Macieja Memorial"]
[Site "Warsaw POL"]
[Date "2024.07.08"]
[Round "3.53"]
[White "Burdzy, Joanna"]
[Black "Staroszczyk, Mateusz"]
[Result "0-1"]
[WhiteElo "1746"]
[BlackElo "1933"]
[EventDate "2024.07.08"]
[PlyCount "46"]

1.d4 d5 2.Nf3 e6 3.c4 c6 4.e3 f5 5.Nc3 Nf6 6.Bd3 Bd6 7.Bd2 O-O 8.O-O Ne4 9.Bc2 
Nd7 10.Nxe4 fxe4 11.Ne1 Qh4 12.g3 Qh3 13.Ng2 Nf6 14.f3 Bd7 15.Nf4 Bxf4 16.exf4 
Nh5 17.cxd5 Nxg3 18.hxg3 Qxg3+ 19.Kh1 Rf6 20.f5 exf5 21.Qe2 f4 22.Bxe4 Rh6+ 
23.Qh2 Rxh2# 0-1

[Event "Macieja Memorial"]
[Site "Warsaw POL"]
[Date "2024.07.08"]
[Round "3.54"]
[White "Syrkiewicz, Michal"]
[Black "Spicak, Krzysztof"]
[Result "1-0"]
[WhiteElo "1930"]
[BlackElo "1708"]
[EventDate "2024.07.08"]
[PlyCount "59"]

1.e4 c5 2.Nf3 Nc6 3.Bb5 Qb6 4.Nc3 e6 5.O-O Nd4 6.Bc4 d6 7.d3 Nf6 8.a4 a6 9.h3 
Be7 10.Nxd4 cxd4 11.Ne2 d5 12.exd5 exd5 13.Bb3 O-O 14.Nf4 Qd6 15.Qf3 Be6 16.Ne2 
Qc5 17.Qf4 Bd6 18.Qxd4 Qc7 19.Bf4 Rae8 20.Bxd6 Qxd6 21.Nf4 Rd8 22.Rfe1 Rfe8 
23.Re2 Nd7 24.Rae1 Nc5 25.Bxd5 Kf8 26.c4 b6 27.b4 Nxa4 28.Qa1 b5 29.Bxe6 Qxf4 
30.Bd5 1-0

[Event "Macieja Memorial"]
[Site "Warsaw POL"]
[Date "2024.07.08"]
[Round "3.55"]
[White "Kaszuba, Michal"]
[Black "Tsiapko, Andrii"]
[Result "0-1"]
[WhiteElo "1745"]
[BlackElo "1930"]
[EventDate "2024.07.08"]
[PlyCount "116"]

1.d4 d5 2.Nf3 Nf6 3.e3 e6 4.Bd3 Be7 5.O-O O-O 6.b3 b6 7.Bb2 Bb7 8.Nbd2 Nbd7 
9.Rc1 c5 10.Ne5 Ne4 11.f4 f6 12.Nxd7 Qxd7 13.Bxe4 dxe4 14.Qe2 f5 15.Rfd1 cxd4 
16.Bxd4 Qe8 17.Be5 Bc5 18.c3 a5 19.Bd4 Ba6 20.c4 Rd8 21.Bxc5 bxc5 22.Nb1 Qg6 
23.g3 h5 24.Nc3 h4 25.Kf2 Bb7 26.Nb5 Rd3 27.Rxd3 exd3 28.Qxd3 hxg3+ 29.hxg3 Qh5 
30.Ke1 Qf3 31.Qe2 Qxg3+ 32.Qf2 Qh3 33.Kd2 Rd8+ 34.Kc3 Be4 35.Kb2 Qh6 36.Nc3 Qf6 
37.Qe2 Bc6 38.Rd1 Rxd1 39.Qxd1 Be4 40.Qd6 Kh7 41.Qd1 g6 42.Qd2 Kg7 43.Qd7+ Kh6 
44.Qc8 g5 45.Qxc5 g4 46.Qd6 g3 47.Qd1 Qg7 48.Qg1 g2 49.Qh2+ Kg6 50.Qg3+ Kf7 
51.Qh4 g1=Q 52.Qd8 Qxe3 53.Qd7+ Kg6 54.Qe8+ Kh6 55.Qxe6+ Qg6 56.Qe5 Qd2+ 57.Ka3 
Qgd6+ 58.Qxd6+ Qxd6+ 0-1

[Event "Macieja Memorial"]
[Site "Warsaw POL"]
[Date "2024.07.08"]
[Round "3.56"]
[White "Prus, Marek"]
[Black "Barwinska, Ewa"]
[Result "0-1"]
[WhiteElo "1737"]
[BlackElo "1927"]
[EventDate "2024.07.08"]
[PlyCount "58"]

1.e4 c5 2.Nf3 d6 3.d4 cxd4 4.Qxd4 a6 5.Be3 Nc6 6.Qd2 e5 7.Bc4 Be7 8.Nc3 Nf6 
9.O-O-O O-O 10.Ng5 b5 11.Bd5 Bb7 12.Kb1 b4 13.Ne2 a5 14.f4 exf4 15.Bxf4 Nxd5 
16.exd5 Ne5 17.Nd4 Nc4 18.Qc1 Bxd5 19.Nf5 Be6 20.Nxe7+ Qxe7 21.b3 Na3+ 22.Ka1 
Qf6+ 23.Qb2 Nxc2+ 24.Kb1 Na3+ 25.Ka1 Qxf4 26.Nxe6 fxe6 27.Rhe1 Qf6 28.Rxd6 Nc2+ 
29.Kb1 Nxe1 0-1

[Event "Macieja Memorial"]
[Site "Warsaw POL"]
[Date "2024.07.08"]
[Round "4.1"]
[White "Malek, Jan"]
[Black "Piorun, Kacper"]
[Result "0-1"]
[WhiteElo "2344"]
[BlackElo "2528"]
[EventDate "2024.07.08"]
[PlyCount "112"]

1.d4 g6 2.e4 Bg7 3.Nf3 d6 4.Be2 Nf6 5.Nc3 O-O 6.h3 a6 7.a4 Nc6 8.O-O e6 9.Be3 
b6 10.Re1 Bb7 11.Bf1 Ne7 12.Bg5 h6 13.Bd2 g5 14.Bd3 Ng6 15.Qe2 e5 16.Rad1 Re8 
17.dxe5 dxe5 18.Be3 Qe7 19.g3 Qb4 20.Bc1 c6 21.Nd2 b5 22.axb5 cxb5 23.Nb3 Rac8 
24.Bd2 Qe7 25.Na5 Ba8 26.Ra1 Nf8 27.Nd1 Ne6 28.c3 Nc5 29.f3 Qd7 30.Bc2 Qxh3 
31.Qf2 Nh5 32.g4 Nf4 33.Bxf4 gxf4 34.Qg2 Qxg2+ 35.Kxg2 Red8 36.Re2 Ne6 37.Nf2 
Bf8 38.Nd3 f6 39.Bb3 Re8 40.Rh1 Kg7 41.Nb4 Bxb4 42.cxb4 Nd4 43.Rd2 Red8 44.Bd1 
Nc6 45.Rxd8 Rxd8 46.Nxc6 Rd2+ 47.Kh3 Bxc6 48.Bb3 Rxb2 49.Be6 Rf2 50.Rc1 Rxf3+ 
51.Kh4 Be8 52.Rc7+ Kf8 53.Rh7 Rf1 54.Kh3 Bg6 55.Rd7 Bxe4 56.Rf7+ Ke8 0-1

[Event "Macieja Memorial"]
[Site "Warsaw POL"]
[Date "2024.07.08"]
[Round "4.2"]
[White "Kosakowski, Jakub"]
[Black "Bogdanov, Egor"]
[Result "0-1"]
[WhiteElo "2494"]
[BlackElo "2349"]
[EventDate "2024.07.08"]
[PlyCount "34"]

1.e4 c5 2.Nf3 d6 3.d4 cxd4 4.Nxd4 Nf6 5.Nc3 g6 6.Be3 Bg7 7.f3 O-O 8.Qd2 Nc6 
9.O-O-O d5 10.Nxc6 bxc6 11.Bh6 Be6 12.e5 Nd7 13.h4 Bxe5 14.Bxf8 Nxf8 15.h5 Rb8 
16.hxg6 Nxg6 17.Bd3 Bf4 0-1

[Event "Macieja Memorial"]
[Site "Warsaw POL"]
[Date "2024.07.08"]
[Round "4.3"]
[White "Gdanski, Jacek"]
[Black "Markowski, Tomasz"]
[Result "1-0"]
[WhiteElo "2315"]
[BlackElo "2493"]
[EventDate "2024.07.08"]
[PlyCount "45"]

1.e4 c5 2.Nc3 d6 3.f4 g6 4.d4 cxd4 5.Qxd4 Nf6 6.e5 Nc6 7.Bb5 Nh5 8.e6 f6 9.g4 
Ng7 10.f5 gxf5 11.gxf5 Nxf5 12.Qd5 Bg7 13.Qxf5 Kf8 14.Bxc6 bxc6 15.Nge2 a5 
16.Nf4 a4 17.Rg1 Ra5 18.Ng6+ Ke8 19.Qe4 Qb6 20.Be3 Qa6 21.Nxh8 Re5 22.Qd3 Qb6 
23.Kd2 1-0

[Event "Macieja Memorial"]
[Site "Warsaw POL"]
[Date "2024.07.08"]
[Round "4.4"]
[White "Fridman, Daniel"]
[Black "Kacprzak, Karol"]
[Result "1/2-1/2"]
[WhiteElo "2474"]
[BlackElo "2308"]
[EventDate "2024.07.08"]
[PlyCount "99"]

1.Nf3 d5 2.g3 Nf6 3.Bg2 e6 4.O-O Be7 5.c4 O-O 6.b3 b6 7.Bb2 Bb7 8.e3 Nbd7 9.Nc3 
a6 10.d4 Bd6 11.Ne2 Re8 12.Ne5 Ne4 13.f3 Nef6 14.Nf4 c5 15.g4 Nf8 16.Qe1 Rc8 
17.Rd1 cxd4 18.exd4 N6d7 19.Qe2 Qc7 20.Nh5 f6 21.Nxd7 Qxd7 22.Kh1 Ng6 23.c5 Bb8 
24.f4 Nh4 25.b4 Nxg2 26.Qxg2 a5 27.a3 Qf7 28.Rde1 Qg6 29.Re3 Rcd8 30.Rh3 axb4 
31.axb4 Ba6 32.Ra1 Bc4 33.Kg1 bxc5 34.bxc5 Qe4 35.Qg3 Re7 36.g5 fxg5 37.Qxg5 
Qg6 38.Rg3 Qxg5 39.Rxg5 Rf8 40.Bc1 h6 41.Rg2 Kh7 42.Be3 Ref7 43.Rb1 Bd3 44.Rb6 
Bg6 45.Ng3 Rf6 46.Rf2 Bd3 47.Rb3 Bg6 48.Rb6 Bd3 49.Rb3 Bg6 50.Rb6 1/2-1/2

[Event "Macieja Memorial"]
[Site "Warsaw POL"]
[Date "2024.07.08"]
[Round "4.5"]
[White "Kacprzak, Kacper"]
[Black "Peng, Li Min"]
[Result "0-1"]
[WhiteElo "2297"]
[BlackElo "2425"]
[EventDate "2024.07.08"]
[PlyCount "62"]

1.e4 Nc6 2.Nf3 e5 3.Bb5 f5 4.Nc3 fxe4 5.Nxe4 d5 6.Nxe5 dxe4 7.Nxc6 Qg5 8.Qe2 
Nf6 9.f4 Qxf4 10.d4 Qd6 11.Ne5+ c6 12.Bc4 Be6 13.Bf4 Bxc4 14.Qxc4 Qd5 15.O-O-O 
Bd6 16.Rhe1 Bxe5 17.Qf1 Bxf4+ 18.Qxf4 O-O 19.Kb1 Rae8 20.b3 b5 21.g4 b4 22.g5 
Nh5 23.Qd2 a5 24.h4 Rf3 25.Qe2 Ng3 26.Qa6 e3 27.Qa7 e2 28.Rc1 Nf5 29.a4 Nxd4 
30.Ka1 Rc3 31.Kb2 Nxc2 0-1

[Event "Macieja Memorial"]
[Site "Warsaw POL"]
[Date "2024.07.08"]
[Round "4.6"]
[White "Nasuta, Grzegorz"]
[Black "Bartel, Michal"]
[Result "1-0"]
[WhiteElo "2420"]
[BlackElo "2250"]
[EventDate "2024.07.08"]
[PlyCount "107"]

1.e4 e5 2.Nf3 Nc6 3.Bc4 g6 4.d4 exd4 5.Nxd4 Bg7 6.Nxc6 bxc6 7.Nc3 Ne7 8.Bg5 h6 
9.Be3 O-O 10.Qd2 Kh7 11.Bd4 d6 12.Bxg7 Kxg7 13.O-O Ng8 14.Rad1 Be6 15.Bxe6 fxe6 
16.Qd4+ e5 17.Qc4 Qe8 18.Ne2 Rb8 19.b3 Nf6 20.f3 c5 21.Qd3 Qb5 22.c4 Qa5 23.f4 
Qxa2 24.Nc1 Qb2 25.Qf3 exf4 26.Rf2 Qe5 27.Re2 g5 28.Nd3 Qd4+ 29.Nf2 Qe5 30.Nd3 
Qc3 31.e5 dxe5 32.Rxe5 Rxb3 33.Re7+ Kg8 34.Qh3 Qd4+ 35.Kh1 Qd6 36.Re6 Qd7 
37.Qf5 Nh7 38.Rg6+ Kh8 39.Qe5+ Nf6 40.Rxf6 Rxf6 41.Qxf6+ Qg7 42.Qd8+ Kh7 
43.Nxc5 Re3 44.h3 Re7 45.Qd5 Qf6 46.Ne4 Qg6 47.Nf2 a5 48.Qxa5 f3 49.gxf3 Qe6 
50.Qc3 Rf7 51.Kg2 c6 52.Qd3+ Kg7 53.Qd4+ Kh7 54.Qe4+ 1-0

[Event "Macieja Memorial"]
[Site "Warsaw POL"]
[Date "2024.07.08"]
[Round "4.7"]
[White "Czernek, Tymon"]
[Black "Pakleza, Zbigniew"]
[Result "1/2-1/2"]
[WhiteElo "2253"]
[BlackElo "2405"]
[EventDate "2024.07.08"]
[PlyCount "68"]

1.e4 d6 2.d4 Nf6 3.Nc3 c6 4.f4 Qb6 5.h3 e5 6.Nf3 Nbd7 7.Be2 Be7 8.O-O O-O 9.Kh1 
Nh5 10.Kh2 Nxf4 11.Bxf4 exf4 12.Bc4 Qxb2 13.Qd2 Nb6 14.Bb3 Qa3 15.Qxf4 Qa5 
16.Qe3 Be6 17.Kh1 d5 18.exd5 cxd5 19.Ne2 Bd6 20.Ng5 Rae8 21.Qd3 g6 22.Nf4 Bf5 
23.Qf3 Qd2 24.Rad1 Qxf4 25.Qxf4 Bxf4 26.Rxf4 h6 27.Nf3 Re2 28.Ne5 Bxc2 29.Bxc2 
Rxc2 30.Rdf1 Rcc8 31.Rxf7 Rxf7 32.Rxf7 Nc4 33.Rxb7 Nxe5 34.dxe5 Re8 1/2-1/2

[Event "Macieja Memorial"]
[Site "Warsaw POL"]
[Date "2024.07.08"]
[Round "4.8"]
[White "Kokoszczynski, Jan"]
[Black "Krasenkow, Michal"]
[Result "1-0"]
[WhiteElo "2243"]
[BlackElo "2376"]
[EventDate "2024.07.08"]
[PlyCount "57"]

1.Nf3 d6 2.d4 Bg4 3.c4 Nd7 4.Nc3 e5 5.e4 g6 6.Be2 Bg7 7.d5 Ne7 8.h3 Bxf3 9.Bxf3 
O-O 10.h4 h5 11.g4 hxg4 12.Bxg4 f5 13.Bh3 Nf6 14.Bg5 Kf7 15.Qe2 Rh8 16.O-O-O 
Nh5 17.exf5 gxf5 18.Bxf5 Bf6 19.Be6+ Kf8 20.Ne4 Bxg5+ 21.hxg5 Qe8 22.Nf6 Nxf6 
23.Rxh8+ Nfg8 24.Qf3+ Kg7 25.Rdh1 Qg6 26.R1h7+ Qxh7 27.Rxh7+ Kxh7 28.Qf7+ Kh8 
29.g6 1-0

[Event "Macieja Memorial"]
[Site "Warsaw POL"]
[Date "2024.07.08"]
[Round "4.9"]
[White "Pires, Emanuel Joao Robarts"]
[Black "Klimkowski, Jan"]
[Result "0-1"]
[WhiteElo "2032"]
[BlackElo "2372"]
[EventDate "2024.07.08"]
[PlyCount "78"]

1.c4 Nf6 2.g3 e5 3.Bg2 c6 4.e3 d5 5.b3 Be7 6.Ne2 O-O 7.Bb2 Qd6 8.O-O Bg4 9.c5 
Qc7 10.b4 Nbd7 11.Nbc3 e4 12.d3 exd3 13.Qxd3 Ne5 14.Qc2 Nc4 15.Nd4 Bh5 16.Rae1 
Bg6 17.Qc1 a5 18.a3 axb4 19.axb4 Ne5 20.Qd1 b6 21.cxb6 Qxb6 22.b5 Rfd8 23.Ba1 
c5 24.Nf3 Bh5 25.Na4 Rxa4 26.Bxe5 Qxb5 27.Qc2 Bg6 28.Qc1 Rb4 29.Rd1 Ne4 30.Nh4 
Bxh4 31.gxh4 h5 32.Qa3 Ra4 33.Qc1 Ra2 34.f3 Qe2 35.Bh3 Nd2 36.Rf2 Nxf3+ 37.Rxf3 
Qxf3 38.Bf1 Be4 39.Rd2 Qxe3+ 0-1